| 000 -LEADER |
| fixed length control field |
01136cam a22002534a 4500 |
| 003 - CONTROL NUMBER IDENTIFIER |
| control field |
OSt |
| 005 - DATE AND TIME OF LATEST TRANSACTION |
| control field |
20240117164709.0 |
| 008 - FIXED-LENGTH DATA ELEMENTS--GENERAL INFORMATION |
| fixed length control field |
091023s2010 nyua b 001 0 eng |
| 020 ## - INTERNATIONAL STANDARD BOOK NUMBER |
| International Standard Book Number |
9780071625012 (alk. paper) |
| 020 ## - INTERNATIONAL STANDARD BOOK NUMBER |
| International Standard Book Number |
0071625011 (alk. paper) |
| 082 00 - DEWEY DECIMAL CLASSIFICATION NUMBER |
| Classification number |
720.47 |
| Edition number |
22 |
| Item number |
ATT |
| 100 1# - MAIN ENTRY--PERSONAL NAME |
| Personal name |
Attmann, Osman. |
| 245 10 - TITLE STATEMENT |
| Title |
Green architecture : |
| Remainder of title |
advanced technologies and materials / |
| Statement of responsibility, etc |
Osman Attmann. |
| 260 ## - PUBLICATION, DISTRIBUTION, ETC. (IMPRINT) |
| Place of publication, distribution, etc |
New York : |
| Name of publisher, distributor, etc |
McGraw-Hill, |
| Date of publication, distribution, etc |
c2010. |
| 300 ## - PHYSICAL DESCRIPTION |
| Extent |
xiii, 352 p. : |
| Other physical details |
ill. ; |
| Dimensions |
24 cm. |
| 490 1# - SERIES STATEMENT |
| Series statement |
McGraw-Hill's GreenSource series |
| 500 ## - GENERAL NOTE |
| General note |
"A GreenSource book"--Cover. |
| 504 ## - BIBLIOGRAPHY, ETC. NOTE |
| Bibliography, etc |
Includes bibliographical references and index. |
| 505 0# - FORMATTED CONTENTS NOTE |
| Formatted contents note |
Ch. 1. Green Architecture: Overview -- Ch. 2. Definitions and Operationalizations of Green Architecture -- Ch. 3. Brief History of Green Architecture -- Ch. 4. Green Technologies: Energy Generation -- Ch. 5. Green Technologies: Energy Retention -- Ch. 6. Green Materials -- Ch. 7. Smart Materials -- Ch. 8. Case Studies. |
| 650 #0 - SUBJECT ADDED ENTRY--TOPICAL TERM |
| Topical term or geographic name as entry element |
Sustainable construction. |
| 650 #0 - SUBJECT ADDED ENTRY--TOPICAL TERM |
| Topical term or geographic name as entry element |
Sustainable architecture. |
| 830 #0 - SERIES ADDED ENTRY--UNIFORM TITLE |
| Uniform title |
McGraw-Hill's GreenSource series. |
| 942 ## - ADDED ENTRY ELEMENTS (KOHA) |
| Source of classification or shelving scheme |
|